Govt. of
Madhya Pradesh

Between State Capitalism And Economic Statecraft China Inc (Record no. 68929)

MARC details
000 -LEADER
fixed length control field 00253nam a22000977a 4500
082 ## - DEWEY DECIMAL CLASSIFICATION NUMBER
Classification number 300/YEL
100 ## - MAIN ENTRY--AUTHOR NAME
Personal name Yelery,Aravind
245 ## - TITLE STATEMENT
Title Between State Capitalism And Economic Statecraft China Inc
650 ## - SUBJECT ADDED ENTRY--TOPICAL TERM
Topical Term Socical Science
942 ## - ADDED ENTRY ELEMENTS (KOHA)
Koha item type Books
Holdings
Withdrawn status Lost status Damaged status Not for loan Home library Current library Date acquired Cost, normal purchase price Full call number Accession Number Price effective from Koha item type
        MACL MACL 05/04/2026 1295.00 300/YEL CRE040423 05/04/2026 Books